| 000 | 00558nam a2200193 a 4500 | ||
|---|---|---|---|
| 001 | 000021922 | ||
| 005 | 20200930011514.0 | ||
| 008 | 100914s1969 sp r 000 | spa d | ||
| 040 |
_aDO-SdBNP _bspa _cBNPHU |
||
| 082 |
_axxx _bV181G, 1969 |
||
| 100 | 1 |
_aGómez de la Serna, Ramón _941561 |
|
| 245 | 1 | 0 |
_aDon Ramón María del Valle-Inclán / _cRamón Gómez de la Serna. |
| 250 | _a4a ed. | ||
| 260 |
_aMadrid : _bEspasa-Calpe, _c1969. |
||
| 300 |
_a216 p. ; _c18 cm. |
||
| 490 |
_aAustral; _v427 |
||
| 500 | _aIncluye índice de autores | ||
| 049 | _aBNGR | ||
| 999 |
_c21420 _d21420 |
||